000 00994nas a2200337 4500
001 BR0301576
003 BR-BrBNA
005 20231205103644.0
007 ta
008 230509b bl.|||p| |||| 00| 00por d
040 _aBR-BrBNA
_bpor
_cBiblioteca Nacional de Agricultura
041 _a(Pt)
072 _aH10
100 1 _aBogorni, P.C.
100 1 _aSilva, R.A. da
100 1 _aCarvalho, G.S.
245 1 _aConsumo de mesofilo foliar por Tuta absoluta (Meyrick, 1971)(Lepidoptera: Gelechidae)em três cultivares de Lycopersicon esculentum Mill
650 _aTOMATE
650 _aLAGARTA
650 _aPRAGA DE PLANTA
650 _aMESOFILO
650 _aLEPIDOPTERO
650 _aTRAÇA
650 _aFOLHA
650 _aVARIEDADE
650 _aCONTROLE CULTURAL
650 _aRIO GRANDE DO SUL
773 0 _tCiência Rural (Brazil)
_xISSN 0103-8478
_g(Jan-Feb 2003), v. 33(1) p. 7-11
_wBR0301576
909 _a202311
_bLúcia
_c55
_dLúcia Elande
942 _2AGRIS
_n0
_cANA
999 _c174048
_d174048